| 000 | 01065nam a22002777a 4500 | ||
|---|---|---|---|
| 001 | 5364 | ||
| 003 | FISKH | ||
| 005 | 20241128130935.0 | ||
| 008 | 241128b cb ||||| |||| 00| 0 eng d | ||
| 020 | _a9780516278513 | ||
| 040 |
_aFISKH _beng _cFISKH _dFISKH |
||
| 050 | _aQD181.O1 | ||
| 082 | _a546.721 | ||
| 100 | _aTocci, Salvatore | ||
| 245 |
_aOxygen / _cby Salvatore Tocci |
||
| 260 |
_aNew York : _bChildren's Press ; _c2004 . |
||
| 300 |
_a47 pages : _bcolor illustrations ; _c22 cm . |
||
| 490 | _aA True Book | ||
| 505 | _aV | ||
| 520 | _aIdeal for today's young investigative reader, each A True Book includes lively sidebars, a glossary and index, plus a comprehensive "To Find Out More" section listing books, organizations, and Internet sites. A staple of library collections since the 1950s, the new A True Book series is the definitive nonfiction series for elementary school readers. | ||
| 521 | 8 |
_a860
_bLexile |
|
| 521 | 8 |
_aV
_bRaz-Plus |
|
| 650 |
_aOxygen _vJuvenile Literature |
||
| 942 |
_2ddc _cBK _n0 |
||
| 999 |
_c5364 _d5364 |
||